[Event "24. European Club Cup 2008 Femenino"]
[Site "Kallithea GRE"]
[Date "2008.10.22"]
[Round "6.6"]
[White "Daulyte, Deimante"]
[Black "Danielian, Elina"]
[Result "0-1"]
[WhiteElo "2278"]
[BlackElo "2513"]
[PlyCount "62"]
[EventDate "2008.10.17"]
[EventType "team-tourn"]
[EventRounds "7"]
[EventCountry "GRE"]
[Source "lmi"]
[SourceDate "2008.10.17"]
[WhiteTeam "Panevezys"]
[BlackTeam "MIKA"]

1. e4 c6 2. d4 d5 3. e5 Bf5 4. Nc3 e6 5. g4 Bg6 6. Nge2 c5 7. h4 h5 8. Nf4 Bh7
9. g5 cxd4 10. g6 Bxg6 11. Nxg6 fxg6 12. Bb5+ Nc6 13. Bxc6+ bxc6 14. Qxd4 Ne7
15. Ne2 Nf5 16. Qa4 Qc7 17. Rh3 Be7 18. Be3 O-O 19. Nd4 Nxd4 20. Qxd4 c5 21.
Qc3 Rac8 22. Bd2 Rb8 23. f4 Qb7 24. Qd3 Qxb2 25. Rc1 Kh7 26. Ke2 c4 27. Qg3 d4
28. Rh2 c3 29. Rg2 g5 30. hxg5 g6 31. Rh1 Qxc2 0-1

[Event "24. European Club Cup 2008 Femenino"]
[Site "Kallithea GRE"]
[Date "2008.10.22"]
[Round "6.6"]
[White "Lahno, Kateryna"]
[Black "Makka, Ioulia"]
[Result "1-0"]
[WhiteElo "2488"]
[BlackElo "2220"]
[PlyCount "75"]
[EventDate "2008.10.17"]
[EventType "team-tourn"]
[EventRounds "7"]
[EventCountry "GRE"]
[Source "lmi"]
[SourceDate "2008.10.17"]
[WhiteTeam "MIKA"]
[BlackTeam "Panevezys"]

1. e4 e6 2. d4 d5 3. e5 c5 4. c3 Nc6 5. Nf3 Bd7 6. Be2 Nge7 7. Na3 Ng6 8. h4
Be7 9. g3 O-O 10. h5 Nh8 11. h6 g6 12. Nc2 cxd4 13. cxd4 f6 14. exf6 Bxf6 15.
O-O Nf7 16. b4 Rc8 17. Kg2 Nd6 18. Bf4 Ne4 19. Bd3 Ne7 20. Ne3 Nc3 21. Qe1 Qb6
22. Ng4 Bxd4 23. Be5 Rxf3 24. Kxf3 Rf8+ 25. Kg2 Nc6 26. Bg7 Rf7 27. a3 Na4 28.
Bc2 Nb2 29. b5 Qxb5 30. Bxd4 Nxd4 31. Qe5 Nxc2 32. Nf6+ Kf8 33. Qb8+ Be8 34.
Qd6+ Re7 35. Nxh7+ Kf7 36. Qf4+ Kg8 37. Qf8+ Kxh7 38. Qxe7+ 1-0

[Event "24. European Club Cup 2008 Femenino"]
[Site "Kallithea GRE"]
[Date "2008.10.22"]
[Round "6.6"]
[White "Limontaite, Simona"]
[Black "Mkrtchian, Lilit"]
[Result "0-1"]
[WhiteElo "2197"]
[BlackElo "2443"]
[PlyCount "80"]
[EventDate "2008.10.17"]
[EventType "team-tourn"]
[EventRounds "7"]
[EventCountry "GRE"]
[Source "lmi"]
[SourceDate "2008.10.17"]
[WhiteTeam "Panevezys"]
[BlackTeam "MIKA"]

1. d4 e6 2. c4 Nf6 3. Nf3 c5 4. d5 exd5 5. cxd5 d6 6. Nc3 g6 7. h3 Bg7 8. e4
O-O 9. Bd3 Na6 10. O-O Nc7 11. Re1 a6 12. a4 Rb8 13. a5 Bd7 14. Bf4 Bb5 15. Bc2
b6 16. e5 Nfe8 17. exd6 Nxd6 18. Ne5 bxa5 19. Nxb5 Bxe5 20. Bxe5 Ncxb5 21. Ra4
Rb7 22. Rf4 f6 23. Bc3 Nxc3 24. bxc3 Re7 25. Ba4 Re5 26. Rf3 Qe7 27. Rfe3 Rd8
28. Bc6 Kg7 29. Qa4 Rb8 30. Qf4 Nf7 31. Qg3 Qd6 32. f4 Rxe3 33. Qxe3 a4 34. g3
a3 35. Ra1 Rb3 36. Ba4 Rb2 37. c4 a2 38. Qe4 Qb6 39. Bc2 Qb4 40. Rd1 Qc3 0-1

[Event "24. European Club Cup 2008 Femenino"]
[Site "Kallithea GRE"]
[Date "2008.10.22"]
[Round "6.7"]
[White "Peptan, Corina-Isabela"]
[Black "Petrenko, Svetlana"]
[Result "1-0"]
[WhiteElo "2430"]
[BlackElo "2285"]
[PlyCount "101"]
[EventDate "2008.10.17"]
[EventType "team-tourn"]
[EventRounds "7"]
[EventCountry "GRE"]
[Source "lmi"]
[SourceDate "2008.10.17"]
[WhiteTeam "Iasi"]
[BlackTeam "Gross-Lehna"]

1. e4 c5 2. c3 Nf6 3. e5 Nd5 4. Nf3 e6 5. d4 d6 6. dxc5 dxc5 7. Bd3 Be7 8. O-O
Bd7 9. a4 a6 10. Na3 Bc6 11. Nc4 O-O 12. Qc2 g6 13. Bh6 Re8 14. a5 Nd7 15. Rfd1
Qc7 16. Be4 Red8 17. h4 Nf8 18. h5 gxh5 19. Ng5 f5 20. exf6 Nxf6 21. Bxh7+
N6xh7 22. Nxh7 Be8 23. Bxf8 Bxf8 24. Nf6+ Kh8 25. Nb6 Qf7 26. Nxe8 Rxd1+ 27.
Rxd1 Rxe8 28. Rd3 Qg6 29. Qd1 Be7 30. Nc4 Rg8 31. Rg3 Qf5 32. Ne3 Qf7 33. Rf3
Qg6 34. Rg3 Qf7 35. Rxg8+ Kxg8 36. Qd7 Bh4 37. Qc8+ Kg7 38. g3 Bg5 39. Qxc5
Bxe3 40. Qxe3 Qf5 41. b4 e5 42. Kg2 e4 43. c4 Qe5 44. Qb6 Qe7 45. b5 Qd7 46.
bxa6 bxa6 47. Qc5 Qd3 48. Qg5+ Kf8 49. Qf5+ Ke7 50. c5 Qe2 51. c6 1-0

[Event "24. European Club Cup 2008 Femenino"]
[Site "Kallithea GRE"]
[Date "2008.10.22"]
[Round "6.7"]
[White "Karlovich, Anastazia"]
[Black "Cosma, Elena Luminita"]
[Result "1/2-1/2"]
[WhiteElo "2256"]
[BlackElo "2340"]
[PlyCount "70"]
[EventDate "2008.10.17"]
[EventType "team-tourn"]
[EventRounds "7"]
[EventCountry "GRE"]
[Source "lmi"]
[SourceDate "2008.10.17"]
[WhiteTeam "Gross-Lehna"]
[BlackTeam "Iasi"]

1. e4 e6 2. d4 d5 3. Nc3 Bb4 4. Qd3 dxe4 5. Qxe4 Nf6 6. Qh4 Bd7 7. Bd3 Bc6 8.
Nge2 Nbd7 9. a3 Be7 10. Qg3 Bd6 11. Qh4 a6 12. f3 h6 13. Be3 Nb6 14. O-O-O Nfd5
15. Qxd8+ Rxd8 16. Bf2 Nxc3 17. Nxc3 Kd7 18. Ne4 Be7 19. Rhe1 Kc8 20. c3 Ba4
21. Bc2 Bb5 22. Bg3 Rhe8 23. Nf2 Bg5+ 24. f4 Be7 25. Nd3 Bxd3 26. Bxd3 g6 27.
Bf2 h5 28. Be4 Nd5 29. Bxd5 exd5 30. Kc2 Kd7 31. Kd3 c6 32. Re2 Bd6 33. g3 Rxe2
34. Kxe2 Re8+ 35. Kf3 f5 1/2-1/2

[Event "24. European Club Cup 2008 Femenino"]
[Site "Kallithea GRE"]
[Date "2008.10.22"]
[Round "6.7"]
[White "Motoc, Alina"]
[Black "Voicu, Carmen"]
[Result "1/2-1/2"]
[WhiteElo "2313"]
[BlackElo "2239"]
[PlyCount "80"]
[EventDate "2008.10.17"]
[EventType "team-tourn"]
[EventRounds "7"]
[EventCountry "GRE"]
[Source "lmi"]
[SourceDate "2008.10.17"]
[WhiteTeam "Iasi"]
[BlackTeam "Gross-Lehna"]

1. d4 Nf6 2. c4 c5 3. d5 e6 4. Nc3 exd5 5. cxd5 d6 6. e4 g6 7. h3 Bg7 8. Bd3
O-O 9. Nf3 Nh5 10. O-O Nd7 11. Bg5 Bf6 12. Bh6 Re8 13. Re1 a6 14. a4 Ne5 15.
Be2 Nxf3+ 16. Bxf3 Ng7 17. Qd2 b6 18. Be2 Ra7 19. Bc4 Bd4 20. Bg5 f6 21. Bf4
Rae7 22. Qd3 Nh5 23. Bd2 f5 24. exf5 Bxf5 25. Qf3 Rf7 26. Rxe8+ Qxe8 27. Rf1
Bd7 28. Qd3 Qf8 29. Be3 Nf4 30. Qd2 Nxg2 31. Kxg2 Bxh3+ 32. Kxh3 Rf3+ 33. Kg2
Qf5 34. Re1 Qh3+ 35. Kg1 Be5 36. Ne4 Bh2+ 37. Kh1 Bf4+ 38. Kg1 Bh2+ 39. Kh1
Bf4+ 40. Kg1 Bh2+ 1/2-1/2

[Event "24. European Club Cup 2008 Femenino"]
[Site "Kallithea GRE"]
[Date "2008.10.22"]
[Round "6.7"]
[White "Nagel, Verena"]
[Black "Paulet, Iozefina"]
[Result "0-1"]
[WhiteElo "2052"]
[BlackElo "2307"]
[PlyCount "108"]
[EventDate "2008.10.17"]
[EventType "team-tourn"]
[EventRounds "7"]
[EventCountry "GRE"]
[Source "lmi"]
[SourceDate "2008.10.17"]
[WhiteTeam "Gross-Lehna"]
[BlackTeam "Iasi"]

1. d4 Nf6 2. Nf3 e6 3. g3 b6 4. Bg2 Bb7 5. O-O c5 6. c4 cxd4 7. Nxd4 Bxg2 8.
Kxg2 Be7 9. Nc3 d6 10. e3 O-O 11. Qf3 Nbd7 12. Nc6 Qe8 13. Nb5 Rc8 14. Nbxa7
Rc7 15. Nb5 Rc8 16. b3 Ne5 17. Nxe7+ Qxe7 18. Qe2 Ne4 19. Ba3 Rfd8 20. f3 Nc5
21. Rfd1 f5 22. Bb2 Nf7 23. Rd2 g5 24. h3 Qb7 25. g4 h5 26. gxh5 g4 27. hxg4
fxg4 28. Rg1 Kh7 29. Kf2 Rg8 30. Rd4 Rcf8 31. Qc2+ Kh6 32. Rdxg4 Ng5 33. Nxd6
Qxf3+ 34. Ke1 Qxe3+ 35. Kd1 Rd8 36. Bd4 Rxd6 37. Qd2 Qxd2+ 38. Kxd2 Rxd4+ 39.
Rxd4 Nf3+ 40. Ke3 Nxg1 41. b4 Nb7 42. a4 Nh3 43. Rd7 Rg7 44. Rxg7 Kxg7 45. c5
bxc5 46. a5 cxb4 47. a6 Nd6 48. a7 Nc4+ 49. Kd4 Nb6 50. Kc5 Na8 51. Kxb4 Nf4
52. Kc5 Nd5 53. Kd6 Ndc7 54. Ke5 Kh6 0-1

[Event "24. European Club Cup 2008 Femenino"]
[Site "Kallithea GRE"]
[Date "2008.10.22"]
[Round "6.8"]
[White "Grapsa, Georgia"]
[Black "Congiu, Mathilde"]
[Result "0-1"]
[WhiteElo "2121"]
[BlackElo "2230"]
[PlyCount "68"]
[EventDate "2008.10.17"]
[EventType "team-tourn"]
[EventRounds "7"]
[EventCountry "GRE"]
[Source "lmi"]
[SourceDate "2008.10.17"]
[WhiteTeam "Galaxias"]
[BlackTeam "Vandoeucre"]

1. d4 d5 2. Nf3 Nf6 3. c4 c6 4. g3 dxc4 5. Bg2 Bf5 6. O-O Nbd7 7. Nc3 e6 8. Nh4
Bg6 9. Nxg6 hxg6 10. e4 Qa5 11. h3 Rd8 12. Qe2 Nb6 13. e5 Nfd5 14. Ne4 c3 15.
bxc3 Nxc3 16. Qe1 Bb4 17. Bd2 Rxd4 18. Nd6+ Bxd6 19. exd6 Ne2+ 20. Qxe2 Qxd2
21. Qe5 Rxd6 22. a4 O-O 23. a5 Nd7 24. Qe4 Nc5 25. Qc4 Qd4 26. Qc2 Rfd8 27.
Rab1 Qe5 28. Rfe1 Qf5 29. Qc3 Rd2 30. Rf1 Rxf2 31. g4 Qc2 32. Qg3 Ne4 33. Qh2
Rxf1+ 34. Rxf1 Qc5+ 0-1

[Event "24. European Club Cup 2008 Femenino"]
[Site "Kallithea GRE"]
[Date "2008.10.22"]
[Round "6.8"]
[White "Steil-Antoni, Fiona"]
[Black "Paganoglou, Anastasia"]
[Result "1-0"]
[WhiteElo "2166"]
[BlackElo "1953"]
[PlyCount "129"]
[EventDate "2008.10.17"]
[EventType "team-tourn"]
[EventRounds "7"]
[EventCountry "GRE"]
[Source "lmi"]
[SourceDate "2008.10.17"]
[WhiteTeam "Vandoeucre"]
[BlackTeam "Galaxias"]

1. e4 c5 2. Nc3 e6 3. f4 a6 4. Nf3 b5 5. d3 Bb7 6. Qe2 b4 7. Nd1 d5 8. g3 h5 9.
h3 Nf6 10. e5 Ng8 11. Bg2 Nc6 12. O-O Nge7 13. Ne3 Nd4 14. Qf2 Rb8 15. c3 Ndf5
16. g4 hxg4 17. hxg4 d4 18. Nc4 bxc3 19. gxf5 cxb2 20. Bxb2 Nxf5 21. Ba3 Be7
22. Rab1 Bd5 23. Rxb8 Qxb8 24. Qc2 O-O 25. Rb1 Qc7 26. Nfd2 g6 27. Ne4 Kg7 28.
Qb3 Ne3 29. Qb6 Qxb6 30. Nxb6 Bxa2 31. Rb2 Bd5 32. Nxd5 Nxd5 33. Bxc5 Bxc5 34.
Nxc5 Nxf4 35. Be4 g5 36. Ra2 Ng6 37. Bxg6 Kxg6 38. Rxa6 Kf5 39. Nd7 Rc8 40. Rd6
Rc2 41. Rxd4 g4 42. Kf1 Rd2 43. Nc5 Kxe5 44. Rxg4 Kd5 45. Na6 f5 46. Rh4 e5 47.
Ke1 Rg2 48. Nb4+ Kc5 49. Rc4+ Kb5 50. Nd5 Rh2 51. Nc3+ Kb6 52. Ne2 Kb5 53. Rc8
e4 54. d4 e3 55. Nc3+ Ka6 56. Rf8 Rc2 57. Ne2 Rb2 58. Kf1 Kb7 59. Rxf5 Kc6 60.
Re5 Rb3 61. Kg2 Kd6 62. Rh5 Ke6 63. Kf3 Ra3 64. Rh3 Rb3 65. Ke4 1-0

[Event "24. European Club Cup 2008 Femenino"]
[Site "Kallithea GRE"]
[Date "2008.10.22"]
[Round "6.8"]
[White "Papathanasiou, Ageliki"]
[Black "Klipper, Rebecca"]
[Result "0-1"]
[WhiteElo "1866"]
[BlackElo "2023"]
[PlyCount "62"]
[EventDate "2008.10.17"]
[EventType "team-tourn"]
[EventRounds "7"]
[EventCountry "GRE"]
[Source "lmi"]
[SourceDate "2008.10.17"]
[WhiteTeam "Galaxias"]
[BlackTeam "Vandoeucre"]

1. d4 Nf6 2. c4 c5 3. d5 b5 4. cxb5 a6 5. bxa6 Bxa6 6. Nc3 d6 7. Nf3 Nbd7 8.
Rb1 g6 9. g3 Bg7 10. Bg2 O-O 11. O-O Qb6 12. b3 Ne8 13. Bb2 Nc7 14. Qc2 Bxc3
15. Qxc3 Nf6 16. Ng5 Qb4 17. Ne4 Qxc3 18. Nxc3 Rfb8 19. Rfc1 c4 20. Nd1 cxb3
21. Rxc7 bxa2 22. Ra1 Bxe2 23. Bxf6 Rb1 24. Rc1 Rxc1 25. Rxc1 exf6 26. Ra1 Bxd1
27. Kf1 Bb3 28. Ke2 Rc8 29. Ke3 f5 30. Kd4 Rc2 31. Bf3 Rb2 0-1

[Event "24. European Club Cup 2008 Femenino"]
[Site "Kallithea GRE"]
[Date "2008.10.22"]
[Round "6.8"]
[White "Weigel, Marie"]
[Black "Papathanasiou, Elisavet"]
[Result "1-0"]
[WhiteElo "1865"]
[BlackElo "1582"]
[PlyCount "117"]
[EventDate "2008.10.17"]
[EventType "team-tourn"]
[EventRounds "7"]
[EventCountry "GRE"]
[Source "lmi"]
[SourceDate "2008.10.17"]
[WhiteTeam "Vandoeucre"]
[BlackTeam "Galaxias"]

1. d4 d5 2. g3 c6 3. Bg2 Bf5 4. Nf3 Nf6 5. O-O e6 6. c4 Nbd7 7. Nc3 Bd6 8. Nh4
Bg6 9. Nxg6 hxg6 10. e4 dxe4 11. Nxe4 Nxe4 12. Bxe4 Qc7 13. d5 Nf6 14. Bg2 cxd5
15. cxd5 Rd8 16. dxe6 fxe6 17. Qb3 Kf7 18. Qxb7 Qxb7 19. Bxb7 Rb8 20. Bf3 Be5
21. Rb1 Nd5 22. Bxd5 exd5 23. Rd1 Rhd8 24. b3 Bc3 25. Rd3 d4 26. Bg5 Rd5 27. h4
Rc8 28. Rbd1 Rdc5 29. Bd2 Ke6 30. Kf1 Ke5 31. Re1+ Kd5 32. Re7 Bxd2 33. Rxd2
R8c7 34. Re8 Rd7 35. f3 Rc3 36. Ke2 Rc6 37. Re4 Kc5 38. Rc2+ Kb5 39. Rxc6 Kxc6
40. Kd3 Kc5 41. a3 Rf7 42. f4 Rd7 43. b4+ Kb5 44. Rxd4 Rc7 45. Ke4 Re7+ 46. Kf3
Rc7 47. Rd5+ Kc4 48. Rc5+ Rxc5 49. bxc5 Kxc5 50. Kg4 Kc4 51. Kg5 a5 52. Kxg6 a4
53. Kxg7 Kb3 54. f5 Kxa3 55. f6 Kb2 56. f7 a3 57. f8=Q a2 58. h5 a1=Q 59. Qf6+
1-0

[Event "24. European Club Cup 2008 Femenino"]
[Site "Kallithea GRE"]
[Date "2008.10.22"]
[Round "6.9"]
[White "Genzling, Sylvie"]
[Black "Botvinnik, Irina"]
[Result "0-1"]
[WhiteElo "1936"]
[BlackElo "2239"]
[PlyCount "74"]
[EventDate "2008.10.17"]
[EventType "team-tourn"]
[EventRounds "7"]
[EventCountry "GRE"]
[Source "lmi"]
[SourceDate "2008.10.17"]
[WhiteTeam "Bischwiller"]
[BlackTeam "Herzliya"]

1. e4 c5 2. Nf3 Nc6 3. d4 cxd4 4. Nxd4 Qb6 5. Nb3 Nf6 6. Nc3 e6 7. Bd3 Be7 8.
O-O O-O 9. Be3 Qc7 10. f4 d6 11. Kh1 a6 12. a4 Nb4 13. Be2 b6 14. Bf3 Bb7 15.
Qe2 e5 16. Rad1 Bc6 17. Qf2 Rab8 18. f5 Rfd8 19. Bg5 h6 20. Bh4 Qb7 21. Rfe1 d5
22. exd5 Nfxd5 23. Nxd5 Bxd5 24. Bxd5 Nxd5 25. Rxe5 Bf6 26. Ree1 Qc6 27. Bxf6
Nxf6 28. a5 Rxd1 29. Rxd1 bxa5 30. Nxa5 Qc7 31. Nb3 Ng4 32. Qh4 Qf4 33. Kg1
Qe3+ 34. Kf1 Rb4 35. Nd4 Rxd4 36. Rxd4 Qxd4 37. Qg3 Qd1+ 0-1

[Event "24. European Club Cup 2008 Femenino"]
[Site "Kallithea GRE"]
[Date "2008.10.22"]
[Round "6.9"]
[White "Fischer, Julie"]
[Black "Lian, Marina"]
[Result "0-1"]
[WhiteElo "1664"]
[BlackElo "1869"]
[PlyCount "78"]
[EventDate "2008.10.17"]
[EventType "team-tourn"]
[EventRounds "7"]
[EventCountry "GRE"]
[Source "lmi"]
[SourceDate "2008.10.17"]
[WhiteTeam "Bischwiller"]
[BlackTeam "Herzliya"]

1. e4 e6 2. d4 d5 3. e5 c5 4. c3 Nc6 5. Nf3 Qb6 6. Be2 Nh6 7. Bxh6 gxh6 8. Qd2
Bg7 9. O-O O-O 10. Na3 cxd4 11. cxd4 f6 12. b3 fxe5 13. dxe5 Nxe5 14. Rad1
Nxf3+ 15. Bxf3 Bd7 16. Rfe1 Rf7 17. Bh5 Rf5 18. Bf3 Raf8 19. Re2 Rf4 20. Rf1
Kh8 21. h3 Qd6 22. Nc2 Bb5 23. Bg4 Bxe2 24. Qxe2 e5 25. Qb5 Qc6 26. Qd3 e4 27.
Qd2 Qc3 28. Qd1 d4 29. g3 R4f7 30. Bh5 Rf5 31. Bg4 Rc5 32. Ne1 e3 33. fxe3
Qxe3+ 34. Kg2 Rxf1 35. Kxf1 Qxg3 36. Qe2 Qe3 37. Qxe3 dxe3 38. Ke2 Re5 39. Bf3
Bf6 0-1

[Event "24. European Club Cup 2008 Femenino"]
[Site "Kallithea GRE"]
[Date "2008.10.23"]
[Round "7.1"]
[White "Dzagnidze, Nana"]
[Black "Gaponenko, Inna"]
[Result "1-0"]
[WhiteElo "2503"]
[BlackElo "2473"]
[PlyCount "71"]
[EventDate "2008.10.17"]
[EventType "team-tourn"]
[EventRounds "7"]
[EventCountry "GRE"]
[Source "lmi"]
[SourceDate "2008.10.17"]
[WhiteTeam "CEMC"]
[BlackTeam "Podgorica"]

1. d4 Nf6 2. c4 c6 3. Nc3 d5 4. Nf3 e6 5. Bg5 h6 6. Bh4 dxc4 7. e4 g5 8. Bg3 b5
9. Be2 Bb7 10. O-O Nbd7 11. d5 cxd5 12. exd5 Nxd5 13. Nxb5 Qb6 14. Bxc4 Nf4 15.
Re1 Rc8 16. Bf1 Be7 17. a4 a5 18. Rc1 Rxc1 19. Qxc1 Bc5 20. Nd2 Bb4 21. Bxf4
gxf4 22. Nc4 Qc6 23. Rd1 Rg8 24. Ncd6+ Bxd6 25. Nxd6+ Ke7 26. Nxb7 Qxb7 27.
Qxf4 Nb6 28. Qh4+ f6 29. Qxh6 Rf8 30. Qg7+ Rf7 31. Qg3 Nd5 32. Bc4 Qxb2 33.
Qc7+ Kf8 34. Qc5+ Kg7 35. Qxa5 Rd7 36. Qb5 1-0

[Event "24. European Club Cup 2008 Femenino"]
[Site "Kallithea GRE"]
[Date "2008.10.23"]
[Round "7.1"]
[White "Kovalevskaya, Ekaterina"]
[Black "Socko, Monika"]
[Result "1-0"]
[WhiteElo "2439"]
[BlackElo "2434"]
[PlyCount "131"]
[EventDate "2008.10.17"]
[EventType "team-tourn"]
[EventRounds "7"]
[EventCountry "GRE"]
[Source "lmi"]
[SourceDate "2008.10.17"]
[WhiteTeam "Podgorica"]
[BlackTeam "CEMC"]

1. Nf3 Nf6 2. g3 b5 3. Bg2 Bb7 4. O-O e6 5. d3 d5 6. e4 dxe4 7. Ng5 Nbd7 8. Nc3
Rb8 9. Ngxe4 Be7 10. Be3 a6 11. a4 b4 12. Nxf6+ Nxf6 13. Ne4 O-O 14. Nxf6+ Bxf6
15. Bxb7 Rxb7 16. Qf3 Rb8 17. Ba7 Rc8 18. Bc5 Be7 19. Bxe7 Qxe7 20. b3 Qc5 21.
Rac1 f5 22. Rfe1 Qd6 23. Qe3 Rfe8 24. Qe5 Kf7 25. Re2 Qxe5 26. Rxe5 c5 27. f4
Red8 28. Rce1 Rc6 29. Kf2 Kf6 30. Kf3 Rd5 31. R5e2 h6 32. h4 h5 33. Re3 g6 34.
R1e2 Rd7 35. Kf2 Rd5 36. Ke1 Rdd6 37. Kd2 Rd8 38. Re5 Rd7 39. Re1 Rd8 40. Kc1
Rd7 41. Kd2 Rd8 42. c3 bxc3+ 43. Kxc3 Rd7 44. Rc1 Ke7 45. Kd2 Kd6 46. d4 Ke7
47. Rcxc5 Rxd4+ 48. Kc3 Rcd6 49. Re3 Kd7 50. Kb2 Rd2+ 51. Rc2 R6d5 52. Rxd2
Rxd2+ 53. Kc3 Rf2 54. Kb4 e5 55. Rxe5 Rf3 56. Rd5+ Ke7 57. Ka5 Rxb3 58. Kxa6
Rxg3 59. Kb6 g5 60. fxg5 f4 61. Rf5 Rb3+ 62. Kc5 Rc3+ 63. Kb4 Rf3 64. a5 Ke6
65. Rf8 Ke5 66. a6 1-0

[Event "24. European Club Cup 2008 Femenino"]
[Site "Kallithea GRE"]
[Date "2008.10.23"]
[Round "7.2"]
[White "Atalik, Ekaterina"]
[Black "Harika, Dronavalli"]
[Result "0-1"]
[WhiteElo "2432"]
[BlackElo "2462"]
[PlyCount "112"]
[EventDate "2008.10.17"]
[EventType "team-tourn"]
[EventRounds "7"]
[EventCountry "GRE"]
[Source "lmi"]
[SourceDate "2008.10.17"]
[WhiteTeam "Epam"]
[BlackTeam "Saratov"]

1. d4 Nf6 2. c4 e6 3. Nf3 d5 4. Nc3 Bb4 5. Bg5 Nbd7 6. cxd5 exd5 7. e3 c5 8.
Bd3 Qa5 9. Qc2 c4 10. Bf5 O-O 11. O-O Re8 12. Nd2 g6 13. Bh3 Kg7 14. Rae1 Nb6
15. Bxc8 Raxc8 16. f3 Bxc3 17. bxc3 Na4 18. Nb1 Nd7 19. h4 Re6 20. e4 Rce8 21.
Bc1 f6 22. h5 gxh5 23. Rf2 Nab6 24. Rfe2 Kg8 25. Qd2 Qb5 26. Ba3 Nf8 27. Qh6
dxe4 28. fxe4 Ng6 29. Nd2 Nd5 30. Qxh5 Nxc3 31. Qxb5 Nxb5 32. Nxc4 Nxd4 33. Rd2
Rxe4 34. Rxe4 Rxe4 35. Nd6 Rg4 36. Kf2 Nh4 37. g3 Nhf5 38. Nxf5 Nxf5 39. Rd8+
Kf7 40. Rd7+ Kg6 41. Rxb7 Ra4 42. Bc5 Rxa2+ 43. Kf3 Rc2 44. Bf2 Rc3+ 45. Kg2 a5
46. Ra7 Ra3 47. Ra6 h5 48. Be1 a4 49. Kh2 Ra2+ 50. Kg1 Ne3 51. Bc3 Ng4 52. Bd4
Kf5 53. Ra5+ Ke4 54. Bc3 f5 55. Bg7 Ne3 56. Bh6 Ra1+ 0-1

[Event "24. European Club Cup 2008 Femenino"]
[Site "Kallithea GRE"]
[Date "2008.10.23"]
[Round "7.2"]
[White "Sharevich, Anna"]
[Black "Kovanova, Baira"]
[Result "1-0"]
[WhiteElo "2322"]
[BlackElo "2379"]
[PlyCount "51"]
[EventDate "2008.10.17"]
[EventType "team-tourn"]
[EventRounds "7"]
[EventCountry "GRE"]
[Source "lmi"]
[SourceDate "2008.10.17"]
[WhiteTeam "Epam"]
[BlackTeam "Saratov"]

1. d4 Nf6 2. c4 e6 3. g3 d5 4. Bg2 dxc4 5. Nf3 a6 6. O-O Nc6 7. Nc3 Be7 8. e3
Nd5 9. Qe2 Nb6 10. Rd1 O-O 11. e4 Bd7 12. h4 f6 13. Be3 Na5 14. h5 Qe8 15. h6
g6 16. Nd2 Rc8 17. e5 f5 18. d5 Bd8 19. b4 cxb3 20. axb3 exd5 21. Rxa5 c6 22.
Raa1 Qxe5 23. Qd3 Na8 24. Bd4 Qd6 25. Bg7 Re8 26. Nc4 1-0

[Event "24. European Club Cup 2008 Femenino"]
[Site "Kallithea GRE"]
[Date "2008.10.23"]
[Round "7.3"]
[White "Zhao, Xue"]
[Black "Cherenkova, Kristina"]
[Result "1-0"]
[WhiteElo "2518"]
[BlackElo "2245"]
[PlyCount "77"]
[EventDate "2008.10.17"]
[EventType "team-tourn"]
[EventRounds "7"]
[EventCountry "GRE"]
[Source "lmi"]
[SourceDate "2008.10.17"]
[WhiteTeam "Vidnoe"]
[BlackTeam "Aspropirgos"]

1. d4 Nf6 2. c4 g6 3. Nc3 Bg7 4. e4 d6 5. Nf3 O-O 6. Be2 e5 7. Be3 Ng4 8. Bg5
f6 9. Bc1 exd4 10. Nxd4 f5 11. h3 Nh6 12. exf5 Nxf5 13. Nxf5 Rxf5 14. Be3 Nc6
15. Qd2 Rf8 16. O-O Be6 17. Nd5 Kh8 18. Rad1 Qd7 19. Rfe1 Rae8 20. b3 Qf7 21.
Bf1 a5 22. a3 b6 23. Be2 Rc8 24. Nf4 Bd7 25. b4 axb4 26. axb4 Nd4 27. Nd5 Nxe2+
28. Rxe2 b5 29. c5 Be6 30. cxd6 cxd6 31. Bd4 Rc4 32. Bxg7+ Kxg7 33. Rde1 Bxd5
34. Re7 Kg8 35. Rxf7 Bxf7 36. Qxd6 Rfc8 37. Re7 R8c6 38. Qe5 Rc1+ 39. Kh2 1-0

[Event "24. European Club Cup 2008 Femenino"]
[Site "Kallithea GRE"]
[Date "2008.10.23"]
[Round "7.3"]
[White "Ovod, Evgenija"]
[Black "Iordanidou, Zoi"]
[Result "1-0"]
[WhiteElo "2429"]
[BlackElo "2110"]
[PlyCount "107"]
[EventDate "2008.10.17"]
[EventType "team-tourn"]
[EventRounds "7"]
[EventCountry "GRE"]
[Source "lmi"]
[SourceDate "2008.10.17"]
[WhiteTeam "Vidnoe"]
[BlackTeam "Aspropirgos"]

1. d4 Nf6 2. Nf3 d5 3. c4 e6 4. Nc3 Bb4 5. e3 O-O 6. Bd3 dxc4 7. Bxc4 b6 8. O-O
Bb7 9. Qe2 Bxc3 10. bxc3 Ne4 11. Bb2 Nd7 12. Rfd1 Ndf6 13. Ne1 Nd5 14. Rac1 Qg5
15. Bd3 f5 16. c4 Nb4 17. f4 Qh6 18. Bb1 Rad8 19. a3 Nc6 20. Ba2 Ne7 21. Nd3 c5
22. Ne5 Nf6 23. dxc5 bxc5 24. Rxd8 Rxd8 25. Rd1 Rc8 26. Rd6 Nc6 27. Rxe6 Nd8
28. Rd6 Qh5 29. Qxh5 Nxh5 30. Bb1 g6 31. g4 Ng7 32. Nd7 Ne8 33. Nf6+ Nxf6 34.
Bxf6 Nf7 35. Rd7 Rb8 36. gxf5 Bc8 37. Rd1 gxf5 38. Bc2 Be6 39. Be7 Nh6 40. Bxc5
Bxc4 41. Bxa7 Rb2 42. Rd2 Ra2 43. Bc5 Ng4 44. h3 Nh6 45. Kf2 Kg7 46. Bb4 Kg6
47. e4 Be6 48. e5 Nf7 49. Ke3 Ra1 50. Bd1 h6 51. a4 Rb1 52. Be7 Bb3 53. Rg2+
Kh7 54. Bh5 1-0

[Event "24. European Club Cup 2008 Femenino"]
[Site "Kallithea GRE"]
[Date "2008.10.23"]
[Round "7.4"]
[White "Korbut, Ekaterina"]
[Black "Danielian, Elina"]
[Result "1/2-1/2"]
[WhiteElo "2459"]
[BlackElo "2513"]
[PlyCount "133"]
[EventDate "2008.10.17"]
[EventType "team-tourn"]
[EventRounds "7"]
[EventCountry "GRE"]
[Source "lmi"]
[SourceDate "2008.10.17"]
[WhiteTeam "Finek"]
[BlackTeam "MIKA"]

1. e4 e6 2. d4 d5 3. Nd2 c5 4. Ngf3 Nc6 5. exd5 exd5 6. dxc5 Bxc5 7. Nb3 Bd6 8.
Bd3 Nf6 9. O-O O-O 10. h3 Bc7 11. Be3 Re8 12. Nbd4 Ne4 13. c4 Nxd4 14. Bxd4 Bf5
15. Re1 Qd6 16. c5 Qd7 17. Bf1 Rac8 18. b4 Bb8 19. Qb3 Qc7 20. Qxd5 Nd2 21. Qd6
Qxd6 22. cxd6 Nxf1 23. Rxe8+ Rxe8 24. Kxf1 Bxd6 25. a3 a6 26. Rc1 f6 27. Be3
Kf7 28. Rc3 g5 29. Ke2 Be4 30. Rc4 h5 31. Rd4 Bb8 32. Rd7+ Kg6 33. Kd2 Bc6 34.
Rd3 Bb5 35. Rd5 Bf1 36. Ne1 f5 37. h4 gxh4 38. Nf3 Re4 39. Rd8 Bc7 40. Rg8+ Kf7
41. Rg5 Bd8 42. Rxf5+ Ke8 43. Ne1 Rg4 44. Rxh5 Bxg2 45. Nxg2 Rxg2 46. Rh7 b5
47. Kd3 Bf6 48. Ke4 Rg7 49. Rh6 Rf7 50. Bc5 Bg5 51. Rh5 Bd8 52. f4 Kd7 53. Bf2
Bf6 54. Rh6 Re7+ 55. Kf3 Re6 56. f5 Rd6 57. Bc5 Rc6 58. Ke4 Bb2 59. Rxh4 Bxa3
60. Rh7+ Ke8 61. Re7+ Kd8 62. Rf7 Bxb4 63. Bxb4 Rc4+ 64. Kd5 Rxb4 65. Ra7 Rb1
66. Rxa6 b4 67. Kc4 1/2-1/2

[Event "24. European Club Cup 2008 Femenino"]
[Site "Kallithea GRE"]
[Date "2008.10.23"]
[Round "7.4"]
[White "Zhukova, Natalia"]
[Black "Mkrtchian, Lilit"]
[Result "1/2-1/2"]
[WhiteElo "2488"]
[BlackElo "2443"]
[PlyCount "45"]
[EventDate "2008.10.17"]
[EventType "team-tourn"]
[EventRounds "7"]
[EventCountry "GRE"]
[Source "lmi"]
[SourceDate "2008.10.17"]
[WhiteTeam "Finek"]
[BlackTeam "MIKA"]

1. d4 e6 2. c4 d5 3. Nc3 Be7 4. Nf3 Nf6 5. Qc2 O-O 6. Bg5 Nbd7 7. Rd1 c6 8. e3
Nh5 9. Bxe7 Qxe7 10. Bd3 Nhf6 11. O-O dxc4 12. Bxc4 e5 13. Bb3 exd4 14. exd4
Nb6 15. Rfe1 Qd6 16. Ne4 Qf4 17. Qd2 Nfd5 18. Qxf4 Nxf4 19. Nd6 Nfd5 20. Ne5
Rb8 21. Nd3 Rd8 22. Nc5 Kf8 23. Nde4 1/2-1/2